| 000 | 00377nam a2200145 a 4500 | ||
|---|---|---|---|
| 001 | 5015 | ||
| 003 | CDMR | ||
| 005 | 20130807111851.0 | ||
| 008 | 130130s1996||||||||||||||||||||||||||||d | ||
| 040 |
_aCDMR _bcat _cCPC LLEIDA |
||
| 245 | 3 |
_aLa comunicación publicitaria _cVILLANUEVA PRIETO, Darío |
|
| 260 |
_aPontevedra _c1996 _bPontevedra |
||
| 500 | _aPonències | ||
| 942 |
_cMON _2udc |
||
| 999 |
_c5015 _d5015 |
||